Encyclopaedia on Jinnah (Record no. 6386)
[ view plain ]
| 000 -LEADER | |
|---|---|
| fixed length control field | 00584nam a2200169Ia 4500 |
| 020 ## - INTERNATIONAL STANDARD BOOK NUMBER | |
| ISBN | 9788126137794 |
| 082 ## - DEWEY DECIMAL CLASSIFICATION NUMBER | |
| Classification number | RR 923.25403 SIN-E |
| 100 ## - MAIN ENTRY--AUTHOR NAME | |
| Personal name | Singh, Prakash K. |
| 245 #0 - TITLE STATEMENT | |
| Title | Encyclopaedia on Jinnah |
| 260 ## - PUBLICATION, DISTRIBUTION, ETC. (IMPRINT) | |
| Place of publication | New Delhi |
| Name of publisher | Anmol Publications |
| Year of publication | 2009 |
| 500 ## - GENERAL NOTE | |
| General note | contents: 5vols. Vol.1 (viii, 360p.) - v.2 (viii, 360p.) - v.3 (viii, 360p.) - v.4 (viii, 368p.) - v.5 (viii, 360p.) |
| 650 ## - SUBJECT ADDED ENTRY--TOPICAL TERM | |
| Topical Term | Jinnah, Muhammad Ali |
| Form subdivision | Encyclopedias |
| 650 ## - SUBJECT ADDED ENTRY--TOPICAL TERM | |
| Topical Term | Staesmen |
| Form subdivision | Biography |
| Geographic subdivision | India |
| 650 ## - SUBJECT ADDED ENTRY--TOPICAL TERM | |
| Topical Term | Political science |
| Geographic subdivision | India |
| 650 ## - SUBJECT ADDED ENTRY--TOPICAL TERM | |
| Topical Term | India |
| Form subdivision | Politics and government |
| 942 ## - ADDED ENTRY ELEMENTS (KOHA) | |
| Koha item type | Books |
| Source of classification or shelving scheme | Dewey Decimal Classification |
| Withdrawn status | Lost status | Damaged status | Not for loan | Home library | Current library | Date acquired | Source of acquisition | Serial Enumeration / chronology | Bill Date | Full call number | Accession Number | Price effective from | Koha item type |
|---|---|---|---|---|---|---|---|---|---|---|---|---|---|
| NASSDOC Library | NASSDOC Library | 09/02/2009 | UPPAL | V.1 | 2008-12-30 | RR 923.25403 SIN-E | 44997 | 18/04/2019 | Books | ||||
| NASSDOC Library | NASSDOC Library | 09/02/2009 | UPPAL | V.2 | 2008-12-30 | RR 923.25403 SIN-E | 44998 | 18/04/2019 | Books | ||||
| NASSDOC Library | NASSDOC Library | 09/02/2009 | UPPAL | V.3 | 2008-12-30 | RR 923.25403 SIN-E | 44999 | 18/04/2019 | Books | ||||
| NASSDOC Library | NASSDOC Library | 09/02/2009 | UPPAL | V.4 | 2008-12-30 | RR 923.25403 SIN-E | 45000 | 18/04/2019 | Books | ||||
| NASSDOC Library | NASSDOC Library | 09/02/2009 | UPPAL | V.5 | 2008-12-30 | RR 923.25403 SIN-E | 45001 | 18/04/2019 | Books |
